LEADER 01078nam0 22002771i 450 001 UON00329599 005 20231205104215.80 100 $a20090902d1959 |0itac50 ba 101 $arum 102 $aRO 105 $a|||| 1|||| 200 1 $aEnigma otiliei$eRoman$fGeorge Calinescu$gcuvint inainte de Paul Georgescu 205 $a4. ed 210 $aBucuresti$cEditura de Stat pentru Literatura si Arta$d1959 215 $a495 p.$d20 cm. 620 $aRO$dBucure?ti$3UONL000071 676 $a859$cLetteratura romena e letterature ladine$v21 700 1$aCALINESCU$bGeorge$3UONV186292$0450859 702 1$aGEORGESCU$bPaul$3UONV187628 712 $aEditura de Stat Pentru Literatura si Arta$3UONV275432$4650 801 $aIT$bSOL$c20240220$gRICA 899 $aSIBA - SISTEMA BIBLIOTECARIO DI ATENEO$2UONSI 912 $aUON00329599 950 $aSIBA - SISTEMA BIBLIOTECARIO DI ATENEO$dSI FONDO ONCIULESCU A 0696 $eSI EO 42916 5 0696 $sDeteriorato 996 $aEnigma Otiliei$91183501 997 $aUNIOR